|
|
|
|
| LEADER |
00000nam a22000007a 4500 |
| 005 |
20141107123859.0 |
| 007 |
cr|||| |||| |
| 008 |
141107s2012 sp |||||s|||| 00||0 spa d |
| 035 |
|
|
|a 6528
|
| 040 |
|
|
|a vLex
|
| 090 |
|
|
|c 5280
|d 5280
|
| 100 |
1 |
|
|a Martn̕ez Atienza, Gorgonio
|
| 245 |
1 |
0 |
|a Comentarios al Cd̤igo de Extranjera̕
|h [Recurso electrn̤ico] /
|c Gorgonio Martn̕ez Atienza
|
| 256 |
|
|
|a Servicio en ln̕ea
|
| 260 |
|
|
|a Barcelona :
|b Editorial vLex,
|c 2012
|
| 300 |
|
|
|a 1 recurso electrn̤ico
|
| 500 |
|
|
|a Ley Orgǹica 4/2000, de 11 de enero sobre Derechos y Libertades de los Extranjeros en Espaą y su integracion social Reformada por la Ley Orgǹica 8/2000, de 22 de diciembre, por la Ley Orgǹica 11/2003, de 29 de septiembre, por la Ley Orgǹica 14/2003, de 20 de noviembre, y por la Ley Orgǹica 2/2009, de 11 de diciembre
|
| 506 |
1 |
|
|a Contenido disponible en los productos indicados
|d vLex Global
|d vLex Global (Academic Edition, excluding Law Schools)
|d vLex Global (U.S. Academic Edition, Law Schools)
|d vLex Global (U.S. Academic Edition, excluding Law Schools)
|d vLex Global (Academic Edition, Law Schools)
|
| 650 |
0 |
4 |
|a Extranjeros
|x Situacin̤ legal, leyes, etc.
|z Espaą
|
| 740 |
0 |
|
|a vLex Libros (Servicio en ln̕ea)
|
| 856 |
4 |
0 |
|u http://vlex.com/source/comentarios-codigo-extranjeria-6528
|z Acceso restringido
|
| 942 |
|
|
|c BOOK
|
| 999 |
0 |
|
|a Aliens--Legal status, laws, etc.
|